000 01341nam a2200325Ia 4500
001 ebr10021627
003 CaPaEBR
006 m u
007 cr cn|||||||||
008 000905s2001 mdua sb 001 0 eng d
010 _z 00011276
020 _z0801866561
020 _z0801874602
040 _aCaPaEBR
_cCaPaEBR
035 _a(OCoLC)559111654
050 1 4 _aSK203
_b.B37 2001eb
082 0 4 _a799.2938
_221
100 1 _aBarringer, Judith M.,
_d1959-
245 1 4 _aThe Hunt in ancient Greece
_h[electronic resource] /
_cJudith M. Barringer.
260 _aBaltimore :
_bJohns Hopkins University Press,
_cc2001.
300 _axiii, 296 p. :
_bill.
504 _aIncludes bibliographical references (p. 265-280) and index.
505 0 _aHunting, battle, and aristocrats -- Eros and the hunt -- Hunting and myth -- Hunting and the funerary realm.
533 _aElectronic reproduction.
_bPalo Alto, Calif. :
_cebrary,
_d2013.
_nAvailable via World Wide Web.
_nAccess may be limited to ebrary affiliated libraries.
650 0 _aHunting
_zGreece
_xHistory
_yTo 146 B.C.
651 0 _aGreece
_xCivilization
_yTo 146 B.C.
655 7 _aElectronic books.
_2local
710 2 _aebrary, Inc.
856 4 0 _uhttp://site.ebrary.com/lib/rucke/Doc?id=10021627
_zAn electronic book accessible through the World Wide Web; click to view
999 _c10321
_d10321